| 000 | 00695nam a2200229Ia 4500 | ||
|---|---|---|---|
| 003 | OSt | ||
| 005 | 20220925205818.0 | ||
| 006 | a|||||r|||| 00| 0 | ||
| 007 | ta | ||
| 008 | 220923b |||||||| |||| 00| 0 eng d | ||
| 037 | _cGeneral Book | ||
| 040 |
_aRTL _cRTL _beng |
||
| 041 |
_2eng _aeng |
||
| 082 | _aT9(Y4).225.NH78, JO | ||
| 110 |
_aHYDERABAD(govt. of-) _9271142 |
||
| 245 | 0 | _aAnnual administration report of the department of tecnical and vocational education | |
| 260 |
_aHyderabad _bDeccan govt. press _c1950 |
||
| 300 |
_a11p _ccm. |
||
| 700 |
_aHYDERABAD(govt. of-) _9271143 |
||
| 942 |
_hT9(Y4).225.NH78, JO _cGB _2CC |
||
| 999 |
_c553304 _d553304 |
||